Malé a stredné podnikanie

Bibliographic Details
Main Authors: Ižarik, Štefan (Author), Lašček, Ladislav, 1949- (Author), Školník, Miroslav, 1959- (Author), Kustrová, Milota, 1965- (Author), Jirásková, Soňa, 1963- (Author), Frianová, Viera (Author), Spodniaková, Viera, 1960- (Author), Morong, Stanislav, 1961- (Author), Šubjak, Jozef (Author)
Format: Book
Language:Slovak
PhysicalDescription:138 s. grafy, sch., tab. 21 cm
Published: Liptovský Mikuláš Akadémia ozbrojených síl generála M. R. Štefánika 2007
ISBN:9788080403362 (brož.)
Edition:1. vyd.
Subjects:

MARC

LEADER 00000cam a2200000 a 4500
001 vtls009296389
003 SK-MaSNL
005 20260301210741.0
008 160610s2007 xo dl d p 000 0 slo
015 |a SNBA2008/08-03242 
020 |a 9788080403362 (brož.) 
035 |a 8A96ACB9-D0EF-48C6-BAFF-B8153B43D90D 
035 |a urn:nbn:sk:snk-amla2x 
035 |a urn:nbn:sk:snk-am008qxt 
040 |a SNK  |b slo  |c SNK  |e AACR2 
041 0 |a slo 
044 |a xo  |c SK 
072 7 |a 658  |x Riadenie a správa podniku  |2 konspekt 
072 7 |a 37.016  |x Učebné osnovy. Vyučovacie predmety. Učebnice  |2 konspekt 
080 |a 658.114-022.54/.55  |2 2001 
080 |a (075.8)  |2 2001 
245 0 0 |a Malé a stredné podnikanie  |c Štefan Ižarik ... [et al.] 
250 |a 1. vyd. 
260 |a Liptovský Mikuláš  |b Akadémia ozbrojených síl generála M. R. Štefánika  |c 2007 
300 |a 138 s.  |b grafy, sch., tab.  |c 21 cm 
366 |e 60 výt. 
504 |a Bibliogr. s. 136-137. Pozn. Zoz. použitých skrat. Zoz. graf., obr., sch. a tab. 
650 0 7 |a malé a stredné podnikanie  |2 SNKPH  |9 101119 
655 7 |a učebnice vysokých škôl  |2 SNKPH  |9 70191 
700 1 |a Ižarik, Štefan  |4 aut  |9 44523 
700 1 |a Lašček, Ladislav,  |d 1949-  |4 aut  |9 203140 
700 1 |a Školník, Miroslav,  |d 1959-  |4 aut  |9 319188 
700 1 |a Kustrová, Milota,  |d 1965-  |4 aut  |9 404746 
700 1 |a Jirásková, Soňa,  |d 1963-  |4 aut  |9 488857 
700 1 |a Frianová, Viera  |4 aut  |9 330252 
700 1 |a Spodniaková, Viera,  |d 1960-  |4 aut  |9 404747 
700 1 |a Morong, Stanislav,  |d 1961-  |4 aut  |9 336394 
700 1 |a Šubjak, Jozef  |4 aut  |9 311891 
919 |a 978-80-8040-336-2 
958 |a NB 
958 |a OND 
968 |d 65 
999 |c 914689  |d 916619 
952 |a SNK  |b SNK  |y PREZ  |7 0  |p 17A0590883  |o snkSC 132420  |i snk2008/13612  |8 0  |0 0  |1 0  |4 0  |d 2008-07-04  |f 1  |l 0  |r 2025-06-23 00:00:00  |w 2026-02-24 
952 |a SNK  |b SNK  |y VYP  |7 0  |p 17A0590882  |o snkSC 132420 D1  |i snk2008/13614  |8 0  |0 0  |1 0  |4 0  |d 2008-07-04  |l 0  |r 2026-02-24 07:55:58  |w 2026-02-24